Header

La formación en trabajo social en Entre Ríos : (Registro nro. 54775)

Detalles MARC
000 -LEADER
campo de control de longitud fija 01687nam a2200277 a 4500
001 - NÚMERO DE CONTROL
campo de control 54775
003 - IDENTIFICADOR DE NÚMERO DE CONTROL
campo de control AR-BaAGN
005 - FECHA Y HORA DE LA ÚLTIMA TRANSACCIÓN
campo de control 20250819143932.0
007 - CAMPO FIJO DE DESCRIPCIÓN FÍSICA--INFORMACIÓN GENERAL
campo de control de longitud fija ta
008 - DATOS DE LONGITUD FIJA--INFORMACIÓN GENERAL
campo de control de longitud fija s ag |||||r|||| ||| ||spa d
020 ## - NÚMERO INTERNACIONAL ESTÁNDAR DEL LIBRO
Número Internacional Estándar del Libro 9789506985745
040 ## - FUENTE DE CATALOGACIÓN
Centro catalogador/agencia de origen AR-BaAGN
Lengua de catalogación español
Normas de descripción aacr
942 ## - ELEMENTOS DE ENTRADA SECUNDARIOS (KOHA)
Tipo de ítem Koha Libro
Suprimir en OPAC No
100 1# - ENTRADA PRINCIPAL--NOMBRE DE PERSONA
Nombre de persona Pieruzzini, María Rosana
ID autoridades 9333
245 13 - MENCIÓN DEL TÍTULO
Título La formación en trabajo social en Entre Ríos :
Resto del título un estudio sobre su surgimiento y las estrategias de intervención /
Mención de responsabilidad, etc. Rosana Pieruzzini.
260 ## - PUBLICACIÓN, DISTRIBUCIÓN, ETC.
Lugar de publicación, distribución, etc. Concepción del Uruguay :
Nombre del editor, distribuidor, etc. Eduner,
Fecha de publicación, distribución, etc. 2023.
300 ## - DESCRIPCIÓN FÍSICA
Extensión 201 p. ;
Dimensiones 21 cm.
336 ## - TIPO DE CONTENIDO
Código de tipo de contenido texto
Fuente rdacontent
337 ## - TIPO DE MEDIO
Código del tipo de medio no mediado
Fuente rdamedia
338 ## - TIPO DE SOPORTE
Código del tipo de soporte volumen
Fuente rdacarrier
490 0# - MENCIÓN DE SERIE
Mención de serie Colección Académica
520 3# - RESUMEN, ETC.
Sumario, etc. Esta obra aborda el surgimiento de la formación en Trabajo Social en Entre Ríos. En su análisis –que parte de una investigación realizada en el marco de una tesis de maestría– busca dilucidar cómo las estrategias de intervención desplegadas por los gobiernos provinciales han trazado algunos rasgos en los procesos de emergencia e institucionalización de esta profesión. En tal sentido, se trata de una indagación que, sustentada en fuentes históricas, documentales y en entrevistas a actores claves en la institucionalización del Trabajo Social, permite el conocimiento de la historia tanto de la institución como de un campo profesional altamente arraigado en nuestro territorio.
650 #4 - PUNTO DE ACCESO ADICIONAL DE MATERIA--TÉRMINO DE MATERIA
Término de materia o nombre geográfico como elemento de entrada TRABAJO SOCIAL
ID autoridades 2194
650 #4 - PUNTO DE ACCESO ADICIONAL DE MATERIA--TÉRMINO DE MATERIA
Término de materia o nombre geográfico como elemento de entrada FORMACIÓN
ID autoridades 2106
856 4# - LOCALIZACIÓN Y ACCESO ELECTRÓNICOS
Identificador Uniforme de Recursos <a href="chrome-extension://efaidnbmnnnibpcajpcglclefindmkaj/https://eduner.uner.edu.ar/wp-content/uploads/2023/12/la_formacion_en_trabajo_social_material_complementario.pdf">chrome-extension://efaidnbmnnnibpcajpcglclefindmkaj/https://eduner.uner.edu.ar/wp-content/uploads/2023/12/la_formacion_en_trabajo_social_material_complementario.pdf</a>
Nota pública Disponible en:
Existencias
Estado de retiro Estado de pérdida Fuente del sistema de clasificación o colocación Estado de conservación Biblioteca actual Ubicación en estantería Signatura topográfica completa Código de barras Tipo de ítem Koha
    Clasificación Decimal Dewey   Biblioteca del Archivo General de la Nación AGN - Biblioteca AGN 22459 1391 Libro

Contacto

Dirección: Av. Leandro Alem 246, 3er piso (CABA).
Código postal: C1003AAP
Teléfono: 2206-0013
Correo electrónico: comunicacionagn@mininterior.gob.ar
Sitio Web: www.argentina.gob.ar/interior/archivo-general-de-la-nacion

AGN en las redes sociales

Facebook  /  Twitter  /  Instagram